00567nam a2200109 a 4500041000800000100003700008111012500045245012600170260005300296300001300349773009500362 aspa aBarrera Cataño, José Ignacio aCurso Internacional de restauración ecológica de áreas degradadas por minería a cielo abiertocBogotád2008n2 aBarreras al restablecimiento natural y a la restauración ecológica de áreas afectadas por minería a cielo abierto aBogotábPontificia Universidad Javerianac2009 ap. 35-44 tRestauración ecológica de áreas degradadas por minería a cielo abierto en Colombia